Primer to the immune response / (Record no. 171573)

MARC details
000 -LEADER
fixed length control field 01049nam a22003137a 4500
003 - CONTROL NUMBER IDENTIFIER
control field OSt
005 - DATE AND TIME OF LATEST TRANSACTION
control field 20250407160616.0
008 - FIXED-LENGTH DATA ELEMENTS--GENERAL INFORMATION
fixed length control field 250407b |||||||| |||| 00| 0 eng d
020 ## - INTERNATIONAL STANDARD BOOK NUMBER
International Standard Book Number 9780123852458 (paperback)
040 ## - CATALOGING SOURCE
Original cataloging agency NUST
Language of cataloging eng
Transcribing agency NUST
Modifying agency NUST
Description conventions rda
050 ## - LIBRARY OF CONGRESS CALL NUMBER
Classification number QR186 MAK
100 ## - MAIN ENTRY--PERSONAL NAME
Personal name Mak, Tak W
Relator term Author
245 ## - TITLE STATEMENT
Title Primer to the immune response /
Statement of responsibility, etc. Tak W Mak, Mary E Saunders and Bradley D Jett.
250 ## - EDITION STATEMENT
Edition statement Second edition.
260 ## - PUBLICATION, DISTRIBUTION, ETC.
Place of publication, distribution, etc. Burlington, MA, USA :
Name of publisher, distributor, etc. AP Cell Press,
Date of publication, distribution, etc. 2014.
300 ## - PHYSICAL DESCRIPTION
Extent xxvii, 674 pages :
Other physical details Illustrations ;
Dimensions 28 cm.
336 ## - CONTENT TYPE
Source rdamedia
Content type term text
Content type code txt
337 ## - MEDIA TYPE
Source rdamedia
Media type term unmediated
Media type code n
338 ## - CARRIER TYPE
Source rdamedia
Carrier type term volume
Carrier type code nc
504 ## - BIBLIOGRAPHY, ETC. NOTE
Bibliography, etc. note Includes bibliographical references and index.
650 ## - SUBJECT ADDED ENTRY--TOPICAL TERM
Form subdivision Immune response.
650 ## - SUBJECT ADDED ENTRY--TOPICAL TERM
Form subdivision IImmunology.
650 ## - SUBJECT ADDED ENTRY--TOPICAL TERM
Form subdivision Immune system.
650 ## - SUBJECT ADDED ENTRY--TOPICAL TERM
Form subdivision Immunologic diseases.
650 ## - SUBJECT ADDED ENTRY--TOPICAL TERM
Form subdivision Immunity.
700 ## - ADDED ENTRY--PERSONAL NAME
Personal name Saunders, Mary E
Relator term Author
700 ## - ADDED ENTRY--PERSONAL NAME
Personal name Jett, Bradley D
Relator term Author
942 ## - ADDED ENTRY ELEMENTS (KOHA)
Source of classification or shelving scheme Library of Congress Classification
Koha item type Ordinary Loan Books
Edition Second edition.
Classification part QR186 MAK
Call number prefix QR
Call number suffix MAK
Suppress in OPAC No
Holdings
Withdrawn status Lost status Source of classification or shelving scheme Damaged status Not for loan Collection Home library Current library Shelving location Date acquired Source of acquisition Cost, normal purchase price Total Checkouts Full call number Barcode Date last seen Accession number Cost, replacement price Price effective from Koha item type Public note
    LCC     NFIC MAIN MAIN GEN 04/07/2025 Book Aid International 100.00   QR186 MAK 92004055060 04/07/2025 61940 100.00 04/07/2025 BOOKS Donation